000
00291nam a2200121Ia 4500
003
GCL
008
140319s9999 xx 000 0 eng d
040
_a
GCL /
_c
GCL
082
0
4
_a
574.87
_b
GM
245
1
0
_a
The Machinery of Life
260
_a
[S.N] :
_b
Faber and Faber ،
_c
1992
300
_a
140 P
999
_c
18044
_d
18044